Statistics for BTS Quiz! (difficult

Click here to take the quiz!

General Stats

  • This quiz has been taken 205 times
  • The average score is 4 of 14

Answer Stats

QuestionAnswer% Correct
Let's talk family. Which member of BTS has the most siblings?Taehyung
94%
Jimin has a younger brother named Jihyun. But is Jihyun older or younger than Jungkook?Older
79%
Which of the boy's parents own a café that has a large picture of their shirtless son on the wall?Jimin
48%
We all know that the boys are untouchable when it comes to records. How many Guinness World Records do they hold?14
33%
Webtoons now! Who was the last character to appear in the BTS Save Me webtoon?Jimin
33%
The boys rock any hair color they choose, (obviously) but what color were Hoseok's highlights in the Fake Love music video?Purple
32%
What color were Yoongi's shoes in the Love Yourself: Answer 結 Concept Photos (Version F)Green
18%
Look to the stars! What is Namjoon's rising sign?Scorpio
11%
Speaking of siblings, what is the name of Yoongi's older brother?Geumjae
9%
Back into the present now! BTS' music video for the song 'Boy With Luv feat. Halsey' broke the record for the biggest 24 YouTube debut of all time. But how many views did it get?78,052,562
5%
In the recent BangtanBomb 'Curious Jungkook', what can he be seen playing with for the whole video?Eyelash Curler
2%
At the 2017 BBMAs, who told a starstruck Yoongi that they liked BTS' music?Machine Gun Kelly
2%
Moving on.A blast from the past! BTS' first tour was the Red Bullet Tour. But what was the first stop...and when?Kuala Lumpur, June 5th 2015
1%
Jimin received a bouquet of flowers from his father for his 23rd birthday in Amsterdam. But what was the first sentence of the note that came with it?To My Lovely Son
1%

Score Distribution

Percentile by Number Answered

Percent of People with Each Score

Your Score History

You have not taken this quiz